Pippi Longstocking; (Record no. 115559)
[ view plain ]
| 000 -LEADER | |
|---|---|
| fixed length control field | 01077cam a22003251 4500 |
| 001 - CONTROL NUMBER | |
| control field | 3109933 |
| 003 - CONTROL NUMBER IDENTIFIER | |
| control field | OSt |
| 005 - DATE AND TIME OF LATEST TRANSACTION | |
| control field | 20160727112904.0 |
| 008 - FIXED-LENGTH DATA ELEMENTS--GENERAL INFORMATION | |
| fixed length control field | 850918s1950 nyua j 000 1 eng |
| 010 ## - LIBRARY OF CONGRESS CONTROL NUMBER | |
| LC control number | 50010396 |
| 020 ## - INTERNATIONAL STANDARD BOOK NUMBER | |
| International Standard Book Number | 0590016555 |
| 040 ## - CATALOGING SOURCE | |
| Original cataloging agency | DLC |
| Transcribing agency | DLC |
| Modifying agency | DLC |
| 041 1# - LANGUAGE CODE | |
| Language code of text/sound track or separate title | eng |
| Language code of original and/or intermediate translations of text | swe |
| 042 ## - AUTHENTICATION CODE | |
| Authentication code | lcac |
| 050 00 - LIBRARY OF CONGRESS CALL NUMBER | |
| Classification number | PZ 7 |
| Item number | .L745 1950 |
| 082 00 - DEWEY DECIMAL CLASSIFICATION NUMBER | |
| Classification number | [Fic] |
| 100 1# - MAIN ENTRY--PERSONAL NAME | |
| Personal name | Lindgren, Astrid, |
| Dates associated with a name | 1907-2002. |
| 9 (RLIN) | 27766 |
| 240 10 - UNIFORM TITLE | |
| Uniform title | <a href="Pippi Longstocking /">Pippi Longstocking /</a> |
| Language of a work | English |
| 245 10 - TITLE STATEMENT | |
| Title | Pippi Longstocking; |
| Statement of responsibility, etc | translated from the Swedish by Florence Lamborn. Illustrated by Louis S. Glanzman. |
| 260 ## - PUBLICATION, DISTRIBUTION, ETC. (IMPRINT) | |
| Place of publication, distribution, etc | New York, |
| Name of publisher, distributor, etc | Viking Press, |
| Date of publication, distribution, etc | 1950. |
| 300 ## - PHYSICAL DESCRIPTION | |
| Extent | 116 p. : |
| Dimensions | 19 cm. |
| 500 ## - GENERAL NOTE | |
| General note | Translation of: Pippi Långstrump. |
| 520 ## - SUMMARY, ETC. | |
| Summary, etc | Escapades of a lucky little girl who lives with a horse and a monkey--but without any parents--at the edge of a Swedish village. |
| 562 ## - COPY AND VERSION IDENTIFICATION NOTE | |
| Number of copies | 1 |
| 650 #1 - SUBJECT ADDED ENTRY--TOPICAL TERM | |
| Topical term or geographic name as entry element | Humorous stories. |
| 9 (RLIN) | 3831 |
| 700 1# - ADDED ENTRY--PERSONAL NAME | |
| Personal name | Glanzman, Louis S., |
| Dates associated with a name | 1922- |
| Relator term | illus. |
| 9 (RLIN) | 27767 |
| 906 ## - LOCAL DATA ELEMENT F, LDF (RLIN) | |
| a | 7 |
| b | cbc |
| c | orignew |
| d | u |
| e | ocip |
| f | 19 |
| g | y-gencatlg |
| 942 ## - ADDED ENTRY ELEMENTS (KOHA) | |
| Source of classification or shelving scheme | Library of Congress Classification |
| Koha item type | Books |
| Withdrawn status | Lost status | Source of classification or shelving scheme | Damaged status | Home library | Current library | Shelving location | Date acquired | Sub Shelving location | Total Checkouts | Full call number | Barcode | Date last seen | Copy number | Price effective from | Koha item type |
|---|---|---|---|---|---|---|---|---|---|---|---|---|---|---|---|
| Library of Congress Classification | Luxembourg Library | Luxembourg Library | Kids Fiction Section | 04/29/2014 | PZ 7 .L745 1950 | 12627 | 04/29/2014 | 1 | 04/29/2014 | Books |